|
|
|
|
| LEADER |
01511nam a2200397 4500 |
| 001 |
000990583 |
| 003 |
CZ BrMZK |
| 005 |
20240222132544.0 |
| 007 |
ta |
| 008 |
010825s1996 enka e p 0 eng |
| 020 |
|
|
|a 0194570932
|q (brož.)
|
| 040 |
|
|
|a BOA001
|b cze
|
| 072 |
|
7 |
|a 811.111
|x Angličtina
|2 Konspekt
|9 11
|
| 072 |
|
7 |
|a 37.016
|x Učební osnovy. Vyučovací předměty. Učebnice
|2 Konspekt
|9 22
|
| 080 |
|
|
|a 811.111
|2 MRF
|
| 080 |
|
|
|a 316.772:654.15
|2 MRF
|
| 080 |
|
|
|a 316.776
|2 MRF
|
| 080 |
|
|
|a 316.77:81'42
|2 MRF
|
| 080 |
|
|
|a (075)
|2 MRF
|
| 100 |
1 |
|
|a Comfort, Jeremy,
|d 1953-
|7 xx0026187
|4 aut
|
| 245 |
1 |
0 |
|a Effective telephoning :
|b [student's book] /
|c Jeremy Comfort with York Associates
|
| 246 |
3 |
3 |
|a Effective telephoning. Student's book
|
| 260 |
|
|
|a Oxford :
|b Oxford University Press,
|c 1996
|
| 300 |
|
|
|a 110 s. :
|b bar. il. +
|e 1 DVD 167
|
| 490 |
1 |
|
|a Oxford business English skills
|
| 650 |
0 |
7 |
|a angličtina
|7 ph114056
|2 czenas
|
| 650 |
0 |
7 |
|a telefonická komunikace
|7 ph126499
|2 czenas
|
| 650 |
0 |
7 |
|a obchodní komunikace
|7 ph123556
|2 czenas
|
| 650 |
0 |
7 |
|a komunikační dovednosti
|7 ph180925
|2 czenas
|
| 655 |
|
7 |
|a učebnice
|7 fd133770
|2 czenas
|
| 710 |
2 |
|
|a York Associates (firma)
|7 pna2007403969
|
| 830 |
|
0 |
|a Oxford business English skills
|
| 910 |
|
|
|a BOA001
|b AK-0005.220,1
|
| 990 |
|
|
|a BK
|
| 991 |
|
|
|b 200911
|y British Council Brno - Czech Republic
|z 000039146
|x 99
|
| 996 |
7 |
|
|b R08632X0391
|c AK-0005.220,1
|l Anglická knihovna/2.patro
|r ZHR
|n 28
|h ES-soc
|w 000990583
|u 000010
|a 0
|e BOA001
|j MZK50
|s A
|